000 00654nam a2200265Ia 4500
005 20260121165558.0
008 008 260114s9999 xx 000 0 eng d
020 _a9781484225110
037 _aEBOOK
040 _aCRL
040 _beng
040 _cCRL
041 _2eng
041 _aeng
084 _qCRL
100 _aJörg Krause
_91053460
245 0 _aProgramming Web Applications with Node, Express and Pug
260 _bSpringer
260 _bSpringer
260 _c2017
856 _uhttps://link.springer.com/openurl?genre=book&isbn=978-1-4842-2511-0
942 _cEBOOK
999 _c1619186
_d1619186